| 000 | 00977nam a22002177a 4500 | ||
|---|---|---|---|
| 005 | 20250829190929.0 | ||
| 008 | 240816b ||||| |||| 00| 0 eng d | ||
| 082 | _aDPer 155.205 J826 July-September 2020 v. 119 n. 1-3 | ||
| 100 |
_aLabuda, Jessica E. _eauthor. _958070 |
||
| 245 |
_aPerceptions of a romantic partner's approach and avoidance motives : _baccuracy, bias, and emotional cues / _cJessica E. Labuda, Judith Gere, and Emily A. Impett. |
||
| 260 |
_aWashington ; _bAmerican Psychological Association , _cSeptember 2020. |
||
| 300 |
_aVolume 119, pages 695-712 : _billustration ; _c27 cm. |
||
| 500 | _aJournal of Personality and Social Psychology , vol. 119, no. 3, pages 695-712, September 2020. | ||
| 650 |
_aPsychology. _960972 |
||
| 650 |
_aPerception. _960973 |
||
| 650 |
_aEmotions. _960974 |
||
| 700 |
_aLabuda, Jessica E. _eauthor. _958071 |
||
| 700 |
_aGere, Judith. _eauthor. _958072 |
||
| 700 |
_aImpett, Emily A. _eauthor. _958073 |
||
| 942 |
_2ddc _cPER |
||
| 999 |
_c20556 _d20556 |
||